| 000 | 00460nam a2200145 i 4500 | ||
|---|---|---|---|
| 001 | 67988 | ||
| 003 | ES-MaACL | ||
| 007 | t| | ||
| 008 | 040217s1901 mx ||||1| spa d | ||
| 100 | 1 |
_aGamboa, José M. _953765 |
|
| 245 | 1 | 0 |
_aLeyes constitucionales de México durante el siglo XIX / _cdiscurso que pronunció José M. Gamboa. |
| 260 |
_aMéxico : _b[s.n., _c1901] ( _fTip. Secretaría de Fomento) |
||
| 300 |
_a598 p. ; _c24 cm. |
||
| 852 |
_aES-MaACL _jG-7061 |
||
| 999 |
_c67988 _d67988 |
||